Library Banner

The honourable company (Record no. 28693)

MARC details
000 -LEADER
fixed length control field 00499nam a2200181Ia 4500
001 - CONTROL NUMBER
control field 28566
008 - FIXED-LENGTH DATA ELEMENTS--GENERAL INFORMATION
fixed length control field 140415s9999 xx 000 0 und d
020 ## - INTERNATIONAL STANDARD BOOK NUMBER
International Standard Book Number 0-00-638072-7
040 ## - CATALOGING SOURCE
Transcribing agency PK-LaUMT
082 ## - DEWEY DECIMAL CLASSIFICATION NUMBER
Classification number 954.031
Item number KEA-H
100 ## - MAIN ENTRY--PERSONAL NAME
Personal name John Keay
245 #4 - TITLE STATEMENT
Title The honourable company
Remainder of title a history of the English East India Company
Statement of responsibility, etc John Keay
260 ## - PUBLICATION, DISTRIBUTION, ETC. (IMPRINT)
Place of publication, distribution, etc London,UK:
Name of publisher, distributor, etc Harper Collins Publishers,
Date of publication, distribution, etc 1993
300 ## - PHYSICAL DESCRIPTION
Extent 475 p.
546 ## - LANGUAGE NOTE
Language note EN
650 ## - SUBJECT ADDED ENTRY--TOPICAL TERM
Topical term or geographic name as entry element East India company-history
942 ## - ADDED ENTRY ELEMENTS (KOHA)
Koha item type Books
Holdings
Withdrawn status Lost status Damaged status Not for loan Home library Current library Date acquired Total Checkouts Full call number Barcode Checked out Date last seen Date checked out Price effective from Koha item type
        UMT Main Campus UMT Main Campus 2014-04-15 3 954.031 KEA-H 34349 2026-07-08 2026-06-24 2026-06-24 2014-04-25 Books